A munkaközösség elve a nevelő oktatásban

Elmentve itt :
Bibliográfiai részletek
Szerző: Loschdorfer János
Dokumentumtípus: Cikk
Megjelent: 1941
Sorozat:Magyar pedagógia : a Magyar Tudományos Akadémia Pedagógiai Bizottságának folyóirata 50
Kulcsszavak:Iskolai nevelés munkaközösség, Munkaközösség elve
Online Access:http://misc.bibl.u-szeged.hu/11440
LEADER 00704nab a2200181 i 4500
001 misc11440
005 20191106141947.0
008 170607s1941 hu o 0|| hun d
022 |a 0025-0260 
040 |a SZTE Miscellanea Repozitórium  |b hun 
041 |a hun 
100 1 |a Loschdorfer János 
245 1 2 |a A munkaközösség elve a nevelő oktatásban  |h [elektronikus dokumentum] /  |c  Loschdorfer János 
260 |c 1941 
300 |a 159-180 
490 0 |a Magyar pedagógia : a Magyar Tudományos Akadémia Pedagógiai Bizottságának folyóirata  |v 50 
695 |a Iskolai nevelés munkaközösség, Munkaközösség elve 
856 4 0 |u http://misc.bibl.u-szeged.hu/11440/1/mp_1941_4030_159-180.pdf  |z Dokumentum-elérés